Oklahoma City Thunder 2025-2026 Roster - Statistics

General Stats
  • This quiz has been taken 53 times
    35 since last reset
  • The average score is 14 of 18
Answer Stats
Jersey # Pos Answer % Correct
7 C-F Chet Holmgren
100%
8 G-F Jalen Williams
100%
6 F Jaylin Williams
100%
2 G Shai Gilgeous-Alexander
100%
55 C-F Isaiah Hartenstein
92%
34 G-F Kenrich Williams
92%
22 G Cason Wallace
88%
5 G Luguentz Dort
88%
9 G Alex Caruso
84%
3 G Jared McCain
84%
11 G Isaiah Joe
80%
44 G Nikola Topic
72%
25 G Ajay Mitchell
68%
21 G Aaron Wiggins
60%
15 C Branden Carlson
52%
12 C Thomas Sorber
52%
23 G Brooks Barnhizer
36%
27 F Buddy Boeheim
8%
No matching quizzes found
Score Distribution
Percent of People with Each Score
Percentile by Number Answered
Your Score History
You have not taken this quiz since the last reset